| 000 | 00780nam a2200229 a 4500 | ||
|---|---|---|---|
| 001 | 50578 | ||
| 003 | BD-RjUL | ||
| 005 | 20211209075530.0 | ||
| 008 | 160827s1966 bg ||||| |||| 00| 0 ben d | ||
| 020 | _c: Tk. 2.50 | ||
| 035 | _a(BD-RjUL)50698 | ||
| 040 |
_aBD-RjUL _bben _cBD-RjUL |
||
| 041 | _aben | ||
| 082 |
_a891.443 _bROB 1966 |
||
| 100 | 1 |
_aরব, মুহম্মদ আবদুর _9151477 |
|
| 245 | 1 | 0 |
_aভাঙ্গা সেতু / _cমুহম্মদ আবদুর রব |
| 260 |
_aঢাকা : _bকাজী আবদুস সোবহান, _c১৯৬৬ |
||
| 300 |
_a[৬], ১১২ পৃ. ; _c২০ সেমি. |
||
| 650 |
_aবাংলা উপন্যাস _9151478 |
||
| 650 |
_aBengali Fiction _9151479 |
||
| 942 |
_2ddc _cBK |
||
| 999 |
_c50578 _d50578 |
||